[Event "Novaya Ladoga Zinder Memorial"]
[Site "Novaya Ladoga"]
[Date "2012.06.25"]
[Round "2"]
[White "Meribanov, Vitaly"]
[Black "Sedov, Aleksandr"]
[Result "1-0"]
[WhiteElo "2331"]
[BlackElo "2259"]
[PlyCount "69"]
[EventDate "2012.06.24"]
[EventType "tourn"]
[EventRounds "9"]
[EventCountry "RUS"]
[SourceTitle "EXT 2013"]
[Source "ChessBase"]
[SourceDate "2012.11.22"]
[SourceVersion "1"]
[SourceVersionDate "2012.11.22"]
[SourceQuality "1"]

1. e4 Nc6 2. Nf3 d6 3. d4 Nf6 4. Nc3 Bg4 5. d5 Nb8 6. Be2 Bxf3 7. Bxf3 g6 8. Be3 Bg7 9. Qd2 Nbd7 10. Be2 c5 11. a4 0-0 12. 0-0 Qa5 13. f4 Qb4 14. Bf3 Nb6 15. Qd3 Nfd7 16. a5 Nc4 17. Na2 Nxb2 18. Nxb4 Nxd3 19. Nxd3 Bxa1 20. Rxa1 b5 21. e5 f5 22. Re1 a6 23. e6 Nf6 24. Nxc5 dxc5 25. Bxc5 Rfe8 26. d6 exd6 27. Bxa8 Rxa8 28. Bxd6 Ne4 29. Bb4 Re8 30. e7 Kf7 31. Rd1 Nf6 32. c3 Ng8 33. Rd7 Nxe7 34. Ra7 h6 35. h4 1-0

[Event "Novaya Ladoga"]
[Site "Novaya Ladoga"]
[Date "2006.07.11"]
[Round "9"]
[White "Sedov, Aleksandr"]
[Black "Bargan, Sergei"]
[Result "0-1"]
[WhiteElo "2295"]
[BlackElo "2331"]
[PlyCount "76"]
[EventDate "2006.07.03"]
[EventType "tourn"]
[EventRounds "9"]
[EventCountry "RUS"]
[EventCategory "3"]
[SourceTitle "EXT 2008"]
[Source "ChessBase"]
[SourceDate "2007.11.25"]
[SourceVersion "1"]
[SourceVersionDate "2007.11.25"]
[SourceQuality "1"]

1. e4 c6 2. d4 d5 3. Nc3 a6 4. Nf3 Bg4 5. Be3 e6 6. h3 Bh5 7. Bd3 Nf6 8. e5 Nfd7 9. g4 Bg6 10. h4 c5 11. dxc5 Nxc5 12. h5 Bxd3 13. cxd3 Nc6 14. d4 Nd7 15. h6 g6 16. Qe2 Be7 17. 0-0-0 b5 18. Kb1 0-0 19. Nh2 b4 20. Na4 b3 21. axb3 Na5 22. Rd3 Qb8 23. Qd1 Qb5 24. Nc3 Qb7 25. Na2 Rab8 26. Nc1 Nc6 27. f4 a5 28. Rf1 a4 29. Rf2 Qa6 30. bxa4 Nb6 31. b3 Nxa4 32. Ra2 Qb7 33. Bd2 Nb6 34. Ra8 Rxa8 35. Na2 Nc4 36. Bc3 Qa6 37. Qe2 Na3+ 38. Ka1 Nb5 0-1

[Event "Novaya Ladoga"]
[Site "Novaya Ladoga"]
[Date "2006.07.09"]
[Round "7"]
[White "Sedov, Aleksandr"]
[Black "Malinin, Yuri"]
[Result "0-1"]
[WhiteElo "2295"]
[BlackElo "2368"]
[PlyCount "172"]
[EventDate "2006.07.03"]
[EventType "tourn"]
[EventRounds "9"]
[EventCountry "RUS"]
[EventCategory "3"]
[SourceTitle "EXT 2008"]
[Source "ChessBase"]
[SourceDate "2007.11.25"]
[SourceVersion "1"]
[SourceVersionDate "2007.11.25"]
[SourceQuality "1"]

1. Nf3 c5 2. c4 Nc6 3. Nc3 g6 4. d4 cxd4 5. Nxd4 Bg7 6. Nc2 d6 7. e4 Nf6 8. Be2 Nd7 9. Be3 0-0 10. Qd2 Nc5 11. f3 Qa5 12. Nd1 Qb6 13. Bh6 Bxh6 14. Qxh6 Be6 15. h4 f6 16. Qd2 a5 17. b3 Nb4 18. Nde3 Nxc2+ 19. Nxc2 Rac8 20. Nd4 Bd7 21. h5 g5 22. h6 Kh8 23. g4 Na6 24. Kf1 Qc5 25. Kg2 Qe5 26. Nf5 Nb4 27. a3 Nc6 28. Rhd1 Ra8 29. Ra2 Rfe8 30. Qd5 Bxf5 31. exf5 Rac8 32. a4 Qxd5 33. Rxd5 Nb4 34. Rad2 Nxd5 35. Rxd5 Rc5 36. Rd4 Rc6 37. Bd3 Rb6 38. Bc2 Rc8 39. Kf2 Kg8 40. Ke3 Kf8 41. Kd3 Rc5 42. Kc3 Rb4 43. Be4 b5 44. axb5 Rbxb5 45. Bd5 Rb6 46. Rd2 Rc8 47. Ra2 Rcb8 48. Ra3 Rb4 49. Be6 R4b7 50. Bd5 Rb6 51. Be6 Ra6 52. Bd5 Ke8 53. Kd4 Kd7 54. Be6+ Kc7 55. Bd5 Ra7 56. Kc3 Kb6 57. Kd4 Rc7 58. Ra4 Ka6 59. Ra3 Rb4 60. Bg8 Rc8 61. Bd5 Rcb8 62. Kc3 a4 63. Rxa4+ Rxa4 64. bxa4 Rb1 65. Bg8 Rh1 66. Bxh7 Rxh6 67. Bg8 Rh3 68. Bd5 Ka5 69. Bc6 Rh1 70. Kd4 Rd1+ 71. Kc3 Rc1+ 72. Kd4 Kb4 73. Bb5 Rd1+ 74. Ke3 Kc5 75. Ke2 Ra1 76. Ke3 Ra3+ 77. Kf2 Kd4 78. Kg3 Ra2 79. Kh3 Ke3 80. Kg3 Ra1 81. Kg2 Kf4 82. Bc6 Ra2+ 83. Kh3 Rb2 84. Bb5 Kxf3 85. a5 Kf4 86. a6 Ra2 0-1

[Event "Novaya Ladoga"]
[Site "Novaya Ladoga"]
[Date "2006.07.06"]
[Round "4"]
[White "Lintchevski, Daniil"]
[Black "Sedov, Aleksandr"]
[Result "1-0"]
[WhiteElo "2429"]
[BlackElo "2295"]
[PlyCount "122"]
[EventDate "2006.07.03"]
[EventType "tourn"]
[EventRounds "9"]
[EventCountry "RUS"]
[EventCategory "3"]
[SourceTitle "EXT 2008"]
[Source "ChessBase"]
[SourceDate "2007.11.25"]
[SourceVersion "1"]
[SourceVersionDate "2007.11.25"]
[SourceQuality "1"]

1. e4 Nc6 2. Nc3 e5 3. Nf3 Nf6 4. Bb5 Bb4 5. 0-0 0-0 6. d3 d6 7. Bg5 Bxc3 8. bxc3 h6 9. Bh4 a6 10. Ba4 Qe7 11. Re1 Nb8 12. d4 Nbd7 13. Bb3 Re8 14. Qd3 Nf8 15. Bg3 Ng6 16. Nh4 Nxh4 17. Bxh4 g5 18. Bg3 Kg7 19. Rab1 Bd7 20. f3 b6 21. Rbd1 a5 22. a4 Bc8 23. Bf2 Ba6 24. Qe3 Rad8 25. Rd2 Rd7 26. Red1 Red8 27. h4 Kg6 28. g4 c5 29. hxg5 hxg5 30. Bg3 exd4 31. cxd4 c4 32. Ba2 Nd5 33. Qa3 Nb4 34. Bb1 d5 35. e5 Rh8 36. Qe3 Rdd8 37. Kg2 Qe6 38. c3+ Nd3 39. Rxd3 cxd3 40. Rxd3 Qe7 41. Rd2+ Kg7 42. Rb2 Rh6 43. Bf5 Rdh8 44. e6 f6 45. Rxb6 Qa3 46. Qd2 Bf1+ 47. Kxf1 Qa1+ 48. Rb1 Rh1+ 49. Kg2 Rxb1 50. Bxb1 Qxb1 51. Qe2 Re8 52. Qa6 Qb2+ 53. Bf2 Qb8 54. c4 dxc4 55. Qxc4 Qd6 56. d5 Rd8 57. Qb5 Rb8 58. Qxa5 Rb2 59. Qa7+ Kh6 60. Qe3 Rb8 61. Qd4 Kg6 1-0